Loading...
Mani mekhala /
| Main Author: | |
|---|---|
| Format: | Printed Book |
| Language: | Malayalam |
| Published: |
Kerala Sahitya Academy ,
1971.
|
| LEADER | 00401nam a2200133Ia 4500 | ||
|---|---|---|---|
| 008 | 150624b xxu||||| |||| 00| | mal d | ||
| 082 | |a M | ||
| 100 | |a Janardanan P. | ||
| 245 | |c Janardanan P. |a Mani mekhala / | ||
| 260 | |b Kerala Sahitya Academy , |c 1971. | ||
| 546 | |a In Malayalam. | ||
| 942 | |c BK | ||
| 999 | |c 70539 |d 70539 | ||
| 952 | |0 1 |1 0 |4 0 |6 M |7 0 |9 70516 |a UL |b UL |c ST1 |d 1998-08-28 |l 0 |o M |p 399 |r 2012-10-27 |w 2012-10-27 |y BK | ||